在空白地图上画出甘肃所有县级行政区Counties in Gansu with an empty map - Statistics

General Stats
  • This quiz has been taken 74 times
  • The average score is 61 of 87
Answers on the Map
Answers color-coded by a green-red scale on the quiz's map according to % correct below.
 
Answer Stats
地级 县级 % Correct
张掖市 甘州区
97%
酒泉市 肃州区
97%
酒泉市 敦煌市
97%
临夏回族自治州 临夏市
97%
临夏回族自治州 临夏县
97%
直筒子市 嘉峪关市
97%
兰州市 城关区
92%
武威市 凉州区
92%
酒泉市 玉门市
92%
酒泉市 瓜州县
90%
白银市 白银区
87%
张掖市 肃南裕固族自治县
87%
酒泉市 肃北蒙古族自治县
87%
陇南市 文县
87%
酒泉市 阿克塞哈萨克族自治县
85%
兰州市 西固区
82%
金昌市 金川区
82%
天水市 麦积区
82%
陇南市 成县
82%
甘南藏族自治州 合作市
82%
甘南藏族自治州 舟曲县
82%
兰州市 七里河区
79%
兰州市 永登县
79%
兰州市 榆中县
79%
金昌市 永昌县
79%
定西市 安定区
79%
兰州市 皋兰县
77%
武威市 天祝藏族自治县
77%
平凉市 崆峒区
77%
兰州市 红古区
74%
张掖市 山丹县
74%
庆阳市 庆城县
74%
陇南市 徽县
74%
兰州市 安宁区
72%
武威市 民勤县
72%
酒泉市 金塔县
72%
定西市 陇西县
72%
陇南市 礼县
72%
临夏回族自治州 积石山保安族东乡族撒拉族自治县
72%
白银市 会宁县
69%
天水市 秦州区
69%
天水市 张家川回族自治县
69%
庆阳市 环县
69%
定西市 岷县
69%
陇南市 武都区
69%
张掖市 民乐县
67%
平凉市 华亭市
67%
庆阳市 西峰区
67%
陇南市 两当县
67%
临夏回族自治州 永靖县
67%
甘南藏族自治州 迭部县
67%
白银市 景泰县
64%
武威市 古浪县
64%
陇南市 康县
64%
甘南藏族自治州 夏河县
64%
天水市 秦安县
62%
张掖市 高台县
62%
定西市 通渭县
62%
定西市 渭源县
62%
定西市 临洮县
62%
临夏回族自治州 东乡族自治县
62%
甘南藏族自治州 玛曲县
62%
甘南藏族自治州 碌曲县
62%
张掖市 临泽县
59%
平凉市 庄浪县
59%
甘南藏族自治州 卓尼县
59%
白银市 平川区
56%
白银市 靖远县
56%
平凉市 泾川县
56%
庆阳市 宁县
56%
定西市 漳县
56%
陇南市 宕昌县
56%
临夏回族自治州 广河县
56%
临夏回族自治州 和政县
56%
甘南藏族自治州 临潭县
56%
天水市 清水县
54%
天水市 甘谷县
54%
天水市 武山县
54%
庆阳市 华池县
54%
陇南市 西和县
54%
平凉市 静宁县
51%
临夏回族自治州 康乐县
51%
平凉市 灵台县
49%
庆阳市 正宁县
49%
庆阳市 镇原县
49%
平凉市 崇信县
46%
庆阳市 合水县
46%
No matching quizzes found
Score Distribution
Percent of People with Each Score
Percentile by Number Answered
Your Score History
You have not taken this quiz